000 01633cam a2200181 4500500
005 20260329005741.0
041 _afre
042 _adc
100 1 0 _aFavrin, Serge
_eauthor
700 1 0 _aGodard, Alain
_eauthor
700 1 0 _aMarty, Jean
_eauthor
245 0 0 _aAnalyse simplifiée du rythme cardiaque fœtal (RCF) au sein d’un partogramme informatisé : aide à la communication et à la décision
260 _c2018.
500 _a42
520 _aÀ présent reconnus politiquement et médiatiquement, beaucoup de proches aidants de personnes en perte d’autonomie n’ont pas recours aux droits, services, aides et/ou prestations auxquels ils pourraient prétendre. Cet article propose de s’interroger sur l’effectivité de l’offre destinée aux proches aidants et sur les formes que prend ce non-recours. La difficulté à appréhender les besoins propres des proches aidants ainsi que le caractère hétérogène de l’offre qui leur est destinée au niveau des territoires contribuent à expliquer la rencontre en partie manquée entre l’offre et la demande. Il est également utile de s’intéresser aux logiques de recours différenciées des proches aidants ainsi qu’aux représentations qu’ont les professionnels du social et de la santé des offres et de ce que peut être leur propre rôle vis-à-vis des proches aidants.
786 0 _nJournal du Droit de la Santé et de l’Assurance - Maladie (JDSAM) | 19 | 2 | 2018-06-16 | p. 8-15 | 2269-9635
856 4 1 _uhttps://droit.cairn.info/revue-journal-du-droit-de-la-sante-et-de-l-assurance-maladie-2018-2-page-8?lang=fr&redirect-ssocas=7080
999 _c1846245
_d1846245